[Event "Poronin Tatra Limba op-B"]
[Site "Poronin"]
[Date "2021.05.24"]
[Round "3.22"]
[White "Pawlowski, Kamil"]
[Black "Laszczuk, Zuzanna"]
[Result "1-0"]
[WhiteElo "1168"]
[BlackElo "1325"]
[PlyCount "76"]
[EventDate "2021.05.22"]
[EventType "swiss"]
[EventRounds "9"]
[EventCountry "POL"]
[SourceTitle "EXT 2022"]
[Source "ChessBase"]
[SourceDate "2021.10.06"]
[SourceVersion "1"]
[SourceVersionDate "2021.10.06"]
[SourceQuality "1"]

1. e4 e5 2. Nf3 Nc6 3. Bc4 Bc5 4. c3 Nf6 5. d3 d6 6. Nbd2 0-0 7. Nf1 Ng4 8. Ne3 Nxe3 9. Bxe3 Bxe3 10. fxe3 h6 11. d4 exd4 12. exd4 Re8 13. 0-0 Qe7 14. Qc2 Na5 15. Bd3 a6 16. d5 c5 17. b4 c4 18. Be2 Qxe4 19. Qxe4 Rxe4 20. Rae1 b5 21. bxa5 Re3 22. Bd1 Rxe1 23. Rxe1 Bb7 24. Bc2 Bxd5 25. Rd1 Bxf3 26. gxf3 Rd8 27. Be4 d5 28. Rxd5 Rxd5 29. Bxd5 Kf8 30. a3 Ke7 31. Bb7 Kd7 32. Bxa6 Kc6 33. Kf2 g5 34. Kg3 f5 35. f4 Kc5 36. Bb7 Kd6 37. Bc8 gxf4+ 38. Kxf4 Kd5 1-0

[Event "Warsaw YMCA Spring-D 201st"]
[Site "Warsaw"]
[Date "2018.05.23"]
[Round "10"]
[White "Flig, Wojciech"]
[Black "Laszczuk, Zuzanna"]
[Result "0-1"]
[WhiteElo "1334"]
[BlackElo "1209"]
[PlyCount "64"]
[EventDate "2018.04.05"]
[EventType "tourn"]
[EventRounds "13"]
[EventCountry "POL"]
[SourceTitle "EXT 2021"]
[Source "ChessBase"]
[SourceDate "2020.10.23"]
[SourceVersion "1"]
[SourceVersionDate "2020.10.23"]
[SourceQuality "1"]

1. e4 e5 2. Nf3 Nc6 3. Bb5 f5 4. Bxc6 dxc6 5. Nxe5 Qf6 6. Nc4 fxe4 7. Nc3 Bf5 8. Ne3 Bg6 9. Qg4 Nh6 10. Qe2 Bc5 11. 0-0 Bd6 12. f4 Bxf4 13. g3 Bxe3+ 14. Qxe3 Qe7 15. Rf4 Rf8 16. Rxf8+ Kxf8 17. b3 b6 18. a4 Re8 19. Ba3 c5 20. Nd5 Qe5 21. Rf1+ Kg8 22. Nf4 Ng4 23. Qe2 Qd4+ 24. Kg2 Bf5 25. c3 Qd6 26. b4 e3 27. Qc4+ Kh8 28. Re1 Qxd2+ 29. Re2 Be4+ 30. Kh3 Nf2+ 31. Kh4 Qd8+ 32. Kh5 Re5# 0-1

[Event "Warsaw YMCA Spring-D 201st"]
[Site "Warsaw"]
[Date "2018.05.01"]
[Round "5"]
[White "Laszczuk, Zuzanna"]
[Black "Derylo, Maksymilian"]
[Result "0-1"]
[WhiteElo "1209"]
[BlackElo "1237"]
[PlyCount "140"]
[EventDate "2018.04.05"]
[EventType "tourn"]
[EventRounds "13"]
[EventCountry "POL"]
[SourceTitle "EXT 2021"]
[Source "ChessBase"]
[SourceDate "2020.10.23"]
[SourceVersion "1"]
[SourceVersionDate "2020.10.23"]
[SourceQuality "1"]

1. e4 c5 2. Nc3 d6 3. d4 cxd4 4. Qxd4 Nc6 5. Qd2 g6 6. b3 Bg7 7. Bb2 Nf6 8. 0-0-0 Bd7 9. f4 Rc8 10. Kb1 a6 11. h3 b5 12. a3 Nh5 13. g4 Ng3 14. Rh2 Rg8 15. Qd3 Nxf1 16. Qxf1 b4 17. axb4 Nxb4 18. Nd5 Nxd5 19. Rxd5 Bc6 20. Rdd2 Bxb2 21. Kxb2 Bxe4 22. Qxa6 Qc7 23. Qa4+ Qc6 24. Qxc6+ Rxc6 25. Rd4 f5 26. c4 Kd7 27. Re2 Rb8 28. Re3 Kc7 29. Ne2 e5 30. fxe5 dxe5 31. Rd2 Rxc4 32. Rc3 Rxc3 33. Nxc3 Bf3 34. gxf5 gxf5 35. Nd5+ Kb7 36. Ne7 Be4 37. Rd7+ Ka6 38. Rd6+ Rb6 39. Rd8 f4 40. Nd5 Rh6 41. Nc3 Bg2 42. Re8 Rh5 43. Re6+ Kb7 44. Re7+ Kc8 45. Re8+ Kd7 46. Rg8 f3 47. Ne4 Rh4 48. Rg7+ Kd8 49. Rg8+ Ke7 50. Rg7+ Kf8 51. Rg4 Rh5 52. b4 Rf5 53. Nf2 h5 54. Rh4 Rf4 55. Rxf4+ exf4 56. b5 Ke7 57. Kc3 Kd6 58. Kc4 Bf1+ 59. Kb4 Bxb5 60. Kxb5 Kd5 61. Kb4 Kd4 62. h4 Ke3 63. Nd1+ Ke2 64. Nc3+ Ke1 65. Ne4 f2 66. Nxf2 Kxf2 67. Kc3 Ke2 68. Kd4 f3 69. Ke4 f2 70. Kf5 f1Q+ 0-1

[Event "POL-chT U19 2nd League"]
[Site "Iwonicz"]
[Date "2016.07.31"]
[Round "8.18"]
[White "Furtak, Joanna"]
[Black "Laszczuk, Zuzanna"]
[Result "1-0"]
[WhiteElo "1686"]
[BlackElo "1043"]
[PlyCount "155"]
[EventDate "2016.07.23"]
[EventType "team-swiss"]
[EventRounds "11"]
[EventCountry "POL"]
[SourceTitle "EXT 2019"]
[Source "ChessBase"]
[SourceDate "2018.10.10"]
[SourceVersion "1"]
[SourceVersionDate "2018.10.10"]
[SourceQuality "1"]
[WhiteTeam "Gniezno LKS Chrobry U19"]
[BlackTeam "Myslenice MAT U20"]
[WhiteTeamCountry "POL"]
[BlackTeamCountry "POL"]

1. e4 e5 2. Nc3 Nf6 3. g3 Bc5 4. Bg2 Nc6 5. Nge2 d6 6. d3 h6 7. 0-0 Be6 8. h3 Qd7 9. Kh2 0-0-0 10. Be3 Bxe3 11. fxe3 d5 12. exd5 Nxd5 13. Nxd5 Bxd5 14. Bxd5 Qxd5 15. Nc3 Qe6 16. Qf3 Rhf8 17. Rae1 f5 18. g4 fxg4 19. Qxg4 Qxg4 20. hxg4 a6 21. a3 b5 22. Ne4 Rxf1 23. Rxf1 Rg8 24. Rf7 Kb7 25. Nc5+ Kb6 26. Ne6 g5 27. Nxc7 Rg6 28. Nd5+ Kc5 29. Rf6 Rg7 30. Nb4 Nxb4 31. axb4+ Kxb4 32. Rxa6 Rh7 33. Rc6 Ka5 34. Kg3 Kb4 35. Kf3 Ka5 36. Ke4 Ka4 37. Kxe5 b4 38. Rc5 h5 39. gxh5 Rxh5 40. Ke4 Rh4+ 41. Kf5 g4 42. Kf4 b3 43. Rc4+ Kb5 44. cxb3 Kb6 45. Rc2 Kb5 46. Re2 Kc5 47. Kg3 Rh8 48. Kxg4 Rg8+ 49. Kf3 Rf8+ 50. Kg2 Rb8 51. Rc2+ Kd5 52. Rc3 Re8 53. Kf3 Rf8+ 54. Ke2 Rh8 55. e4+ Kd6 56. Ke3 Rh3+ 57. Kd4 Rh2 58. e5+ Ke6 59. Rc6+ Ke7 60. Kd5 Rxb2 61. Rb6 Rd2 62. d4 Rd3 63. Rb7+ Ke8 64. Ke6 Rxd4 65. Rb8+ Rd8 66. Rxd8+ Kxd8 67. Kf7 Kc7 68. e6 Kc8 69. e7 Kc7 70. e8Q Kb6 71. Qe5 Kc6 72. Kf6 Kb7 73. Qd6 Ka7 74. Qb4 Ka6 75. Ke6 Ka7 76. Kd6 Ka6 77. Kc6 Ka7 78. Qb7# 1-0

[Event "POL-chT U19 2nd League"]
[Site "Iwonicz"]
[Date "2016.07.31"]
[Round "10.30"]
[White "Laszczuk, Zuzanna"]
[Black "Roszkiewicz, Anna"]
[Result "0-1"]
[WhiteElo "1043"]
[BlackElo "1445"]
[PlyCount "120"]
[EventDate "2016.07.23"]
[EventType "team-swiss"]
[EventRounds "11"]
[EventCountry "POL"]
[SourceTitle "EXT 2019"]
[Source "ChessBase"]
[SourceDate "2018.10.10"]
[SourceVersion "1"]
[SourceVersionDate "2018.10.10"]
[SourceQuality "1"]
[WhiteTeam "Myslenice MAT U20"]
[BlackTeam "Poznan UMKS Na Pieterku U19"]
[WhiteTeamCountry "POL"]
[BlackTeamCountry "POL"]

1. e4 c5 2. d3 d6 3. g3 Nc6 4. Bg2 g6 5. f4 Bg7 6. Nf3 e6 7. c3 Nf6 8. 0-0 b5 9. h3 Bb7 10. Be3 a6 11. Nbd2 0-0 12. g4 Qc7 13. Qe1 Rfe8 14. Qg3 Rad8 15. f5 exf5 16. gxf5 Qe7 17. Nh4 Ne5 18. fxg6 fxg6 19. Bg5 Nh5 20. Bxe7 Nxg3 21. Bxd8 Nxf1 22. Rxf1 Rxd8 23. d4 cxd4 24. cxd4 Nd3 25. Nhf3 Nxb2 26. Rb1 Nd3 27. a4 Bc6 28. axb5 Bxb5 29. Bf1 Rc8 30. Kh2 Rc3 31. Be2 Bh6 32. Nf1 Rc2 33. Ng1 Nc1 34. Ng3 Nxe2 35. N3xe2 Bxe2 36. Nxe2 Rxe2+ 37. Kh1 Rxe4 38. Rb6 Rxd4 39. Rxa6 Rd3 40. Kg2 Bf4 41. h4 h5 42. Ra8+ Kf7 43. Ra7+ Ke6 44. Rg7 Rg3+ 45. Kf2 d5 46. Rb7 Ke5 47. Rb5 Rh3 48. Kg2 Rxh4 49. Kf2 Rh3 50. Ra5 g5 51. Kg2 Rg3+ 52. Kf2 h4 53. Rb5 h3 54. Rb1 h2 55. Rh1 Rg1 56. Rxg1 hxg1Q+ 57. Kxg1 d4 58. Kf2 d3 59. Ke1 g4 60. Kd1 g3 0-1

[Event "POL-chT U19 2nd League"]
[Site "Iwonicz"]
[Date "2016.07.31"]
[Round "5.24"]
[White "Laszczuk, Zuzanna"]
[Black "Zyznowska, Marianna"]
[Result "1-0"]
[WhiteElo "1043"]
[BlackElo "1122"]
[PlyCount "120"]
[EventDate "2016.07.23"]
[EventType "team-swiss"]
[EventRounds "11"]
[EventCountry "POL"]
[SourceTitle "EXT 2019"]
[Source "ChessBase"]
[SourceDate "2018.10.10"]
[SourceVersion "1"]
[SourceVersionDate "2018.10.10"]
[SourceQuality "1"]
[WhiteTeam "Myslenice MAT U20"]
[BlackTeam "Chylice KS Laura U19 II"]
[WhiteTeamCountry "POL"]
[BlackTeamCountry "POL"]

1. e4 Nc6 2. Nf3 d5 3. exd5 Qxd5 4. Nc3 Qa5 5. Bb5 Bd7 6. d4 0-0-0 7. Be3 e6 8. Bxc6 Bxc6 9. Ne5 Be8 10. 0-0 c5 11. d5 Nf6 12. Bg5 Be7 13. Nc4 Qa6 14. Ne3 h6 15. Bxf6 Bxf6 16. Qf3 Kb8 17. Rfd1 Ka8 18. dxe6 Rxd1+ 19. Rxd1 Qxe6 20. Ncd5 Bc6 21. c3 Re8 22. Nc7+ Kb8 23. Nxe6 Bxf3 24. Nxg7 Bxg7 25. gxf3 Rg8 26. Kf1 Kc7 27. Nd5+ Kb8 28. Ne7 Re8 29. Nf5 Rg8 30. Rd7 Be5 31. Nxh6 Rg6 32. Ng4 Bc7 33. Rxf7 a6 34. h4 Rg8 35. h5 Rh8 36. h6 Bd6 37. h7 Bf8 38. Nf6 Kc8 39. Kg2 b5 40. Kh3 b4 41. cxb4 cxb4 42. Kg4 a5 43. Kh5 a4 44. b3 axb3 45. axb3 Kd8 46. Kg6 Kc8 47. Rxf8+ Rxf8 48. Kg7 Rd8 49. h8Q Rxh8 50. Kxh8 Kc7 51. Nd5+ Kc6 52. Nxb4+ Kb5 53. f4 Kxb4 54. f5 Kxb3 55. f6 Kc3 56. f7 Kd2 57. f8Q Ke2 58. Qf4 Kd3 59. Kg7 Kc3 60. Qe4 Kb3 1-0

[Event "POL-chT U19 2nd League"]
[Site "Iwonicz"]
[Date "2016.07.31"]
[Round "1.78"]
[White "Szczypka, Weronika"]
[Black "Laszczuk, Zuzanna"]
[Result "1-0"]
[WhiteElo "1179"]
[BlackElo "1043"]
[PlyCount "93"]
[EventDate "2016.07.23"]
[EventType "team-swiss"]
[EventRounds "11"]
[EventCountry "POL"]
[SourceTitle "EXT 2019"]
[Source "ChessBase"]
[SourceDate "2018.10.10"]
[SourceVersion "1"]
[SourceVersionDate "2018.10.10"]
[SourceQuality "1"]
[WhiteTeam "Cieszyn MUKS SZS U19"]
[BlackTeam "Myslenice MAT U20"]
[WhiteTeamCountry "POL"]
[BlackTeamCountry "POL"]

1. e4 e5 2. Nf3 Nc6 3. Bc4 Bc5 4. c3 Nf6 5. d3 d6 6. 0-0 Bg4 7. Be3 Bb6 8. Nbd2 0-0 9. Bb3 d5 10. exd5 Nxd5 11. Bxd5 Qxd5 12. Nc4 Rad8 13. Bxb6 axb6 14. Ne3 Bxf3 15. Qxf3 Qxf3 16. gxf3 Rxd3 17. Rad1 Rxd1 18. Rxd1 g6 19. Rd7 Rc8 20. Nd5 Kg7 21. Nxc7 Kf8 22. Nd5 Rd8 23. Nxb6 Rxd7 24. Nxd7+ Ke7 25. Nc5 b6 26. Ne4 f5 27. Nd2 Kd6 28. Kg2 g5 29. Kg3 h5 30. h4 g4 31. fxg4 fxg4 32. f4 exf4+ 33. Kxf4 Ne5 34. Ne4+ Ke6 35. Kg5 Nf3+ 36. Kxh5 Kf5 37. Ng3+ Kf4 38. Ne2+ Kf5 39. b4 Nh2 40. c4 Ke5 41. Kg5 Ke6 42. Kg6 Nf3 43. h5 Ne5+ 44. Kg7 Nf7 45. h6 Nxh6 46. Kxh6 Kf5 47. c5 1-0